[Event "August Tournament"]
[Site "SchemingMind.com"]
[Date "2009.08.09"]
[Round "-"]
[White "aadaam"]
[Black "Shanks"]
[Result "0-1"]
[WhiteCountry "INT"]
[BlackCountry "ENG"]
[WhiteElo "1751"]
[WhiteRD "63"]
[BlackElo "1515"]
[BlackRD "69"]
[GameID "214824"]

1. d4 d6 2. c4 Nf6 3. Nc3 a6 4. e4 Nbd7 5. f4 h6 6. Nf3 b6 7. Bd3 Bb7 8. O-O e6 9. e5 dxe5 10. fxe5 Ng8
11. Be3 Ne7 12. Qc2 g6 13. Rad1 Bg7 14. Rd2 Nf8 15. Rdf2 Qd7 16. Nd2 Qd8 17. Rxf7 Rg8 18. Nde4 Nf5
0-1

[Event "August Tournament"]
[Site "SchemingMind.com"]
[Date "2009.08.09"]
[Round "-"]
[White "Shanks"]
[Black "aadaam"]
[Result "0-1"]
[WhiteCountry "ENG"]
[BlackCountry "INT"]
[WhiteElo "1468"]
[WhiteRD "72"]
[BlackElo "1731"]
[BlackRD "73"]
[GameID "214825"]

1. d4 Nf6 2. Nc3 d5 3. e3 Nbd7 4. f4 e6 5. Nf3 c5 6. Be2 cxd4 7. exd4 Be7 8. O-O O-O 9. a3 Nb6 10. Ne5 Bd7
11. Nxd7 Qxd7 12. Qd2 a6 13. Nd1 Nc4 14. Bxc4 dxc4 15. c3 Rad8 16. Nf2 Nd5 17. Rb1 Qc6 18. Nd1 b5 19. Ne3 Nxe3 20. Qxe3 Rd5
21. Bd2 h5 22. Be1 g6 23. Bd2 Rfd8 24. Rbd1 a5 25. Bc1 b4 26. axb4 axb4 27. Bd2 R8d7 28. cxb4 Rxd4 29. h3 Bxb4 30. Rf2 Rxd2
31. Rdxd2 Rxd2 32. Rxd2 Bc5 33. Qf2 Bxf2+ 34. Kxf2 Kg7 35. Kg1 Qe4 36. Rf2 h4 37. Rf1 f5 38. b4 cxb3 39. Kh1 b2 40. Kg1 b1=Q
41. Rxb1 Qxb1+ 42. Kh2 Qe1 43. g4 Qf2+ 44. Kh1 fxg4 45. hxg4 h3
0-1

[Event "August Tournament"]
[Site "SchemingMind.com"]
[Date "2009.08.10"]
[Round "-"]
[White "palomo"]
[Black "Shanks"]
[Result "1/2-1/2"]
[WhiteCountry "ARG"]
[BlackCountry "ENG"]
[WhiteElo "1504"]
[WhiteRD "94"]
[BlackElo "1434"]
[BlackRD "69"]
[GameID "214920"]

1. e4 Nc6 2. Nc3 e5 3. Nf3 d6 4. d4 exd4 5. Nxd4 Nxd4 6. Qxd4 Be6 7. Be3 Qc8 8. O-O-O Ne7 9. Kb1 Nc6 10. Qa4 Be7
11. f4 O-O 12. h4 Bd7 13. Nd5 Nb8 14. Nxe7+ Kh8 15. Nxc8 Bxa4 16. Ne7 Nd7 17. Nf5 Bc6 18. Bd4 f6 19. Bd3 a5 20. g4 b5
21. g5 d5 22. Rdg1 dxe4 23. gxf6 Nxf6 24. Nxg7 exd3 25. Rh2 dxc2+ 26. Kxc2 Be4+ 27. Kc1 Bg6 28. Ne6 Rf7 29. h5 Bf5 30. Bxf6+ Rxf6=
1/2-1/2

[Event "August Tournament"]
[Site "SchemingMind.com"]
[Date "2009.08.05"]
[Round "-"]
[White "palomo"]
[Black "aadaam"]
[Result "0-1"]
[WhiteCountry "ARG"]
[BlackCountry "INT"]
[WhiteElo "1598"]
[WhiteRD "85"]
[BlackElo "1811"]
[BlackRD "54"]
[GameID "214921"]

1. e4 e6 2. d4 d5 3. Nc3 Bb4 4. Bd2 dxe4 5. Nxe4 Qxd4 6. Bxb4 Qxe4+ 7. Be2 Qxb4+ 8. Qd2 Qxd2+ 9. Kxd2 Nf6 10. Nf3 O-O
11. Rhe1 Rd8+ 12. Bd3 c5 13. Rad1 c4 14. Kc1 cxd3 15. Rxd3 Rxd3 16. cxd3 Nc6 17. h4 Bd7 18. Kd2 Rc8 19. Ne5 Nxe5 20. Rxe5 Nd5
21. g4 f6 22. Re1 e5 23. Rh1 Nf4 24. g5 Bb5 25. gxf6 Bxd3 26. fxg7 Rc2+ 27. Ke3 Re2+ 28. Kf3 Be4+
0-1

[Event "August Tournament"]
[Site "SchemingMind.com"]
[Date "2009.08.10"]
[Round "-"]
[White "Shanks"]
[Black "palomo"]
[Result "0-1"]
[WhiteCountry "ENG"]
[BlackCountry "ARG"]
[WhiteElo "1320"]
[WhiteRD "65"]
[BlackElo "1535"]
[BlackRD "82"]
[GameID "214922"]

1. d4 Nf6 2. Nf3 d6 3. Nc3 Nc6 4. h3 g6 5. d5 Ne5 6. Nxe5 dxe5 7. e4 Bg7 8. Bd3 O-O 9. O-O Nd7 10. Be3 Nb6
11. Qc1 e6 12. dxe6 Bxe6 13. Bh6 Bc4 14. Bxg7 Kxg7 15. Bxc4 Nxc4 16. Rd1 Nd6 17. Qe3 Qd7 18. a3 Qc6 19. Rac1 Rad8 20. Na2 Nc4
21. Qe1 Rxd1 22. Rxd1 Nxb2 23. Nb4 Qe6 24. Rc1 Nc4 25. Nd5 Qd6 26. Nb4 c5 27. Nd3 Nxa3 28. Qe2 Nb5 29. c4 Nd4 30. Qd2 Nb3
31. Qe2 Nxc1 32. Nxc1 a6 33. Nb3 f5 34. exf5 Rxf5 35. Nd2 Qb6 36. g3 Qe6 37. Kh2 b5 38. cxb5 axb5 39. g4 Rf8 40. f3 c4
41. Kg2 Ra8 42. Ne4 Qa6 43. Nc5 Qa2 44. Qxa2 Rxa2+ 45. Kg3 Kf6 46. Ne4+ Ke6 47. Ng5+ Kd5 48. Nxh7 Ra3 49. Nf8 e4 50. Nxg6 e3
51. Nf4+ Kd4 52. h4 c3 53. Ne2+ Kd3 54. Nf4+ Kd2 55. h5 e2 56. h6 e1=Q+ 57. Kh3 Qf1+ 58. Ng2 Qxf3+ 59. Kh4 Qxg2 60. Kg5 Ra8
61. Kf5 Rg8 62. h7 Qxg4+ 63. Ke5 Re8+ 64. Kd5 Qc4+ 65. Kd6 Re6+ 66. Kd7 Qc6+ 67. Kd8 Re8#
0-1

[Event "August Tournament"]
[Site "SchemingMind.com"]
[Date "2009.08.05"]
[Round "-"]
[White "aadaam"]
[Black "palomo"]
[Result "1-0"]
[WhiteCountry "INT"]
[BlackCountry "ARG"]
[WhiteElo "1811"]
[WhiteRD "54"]
[BlackElo "1598"]
[BlackRD "85"]
[GameID "214923"]

1. d4 d5 2. c4 c6 3. Nf3 e6 4. Nc3 Nf6 5. e3 Be7 6. Bd3 O-O 7. O-O dxc4 8. Bxc4 b5 9. Be2 Nbd7 10. Re1 Re8
11. a3 Bf8 12. b4 Nb6 13. Bb2 Nc4 14. Qb3 Ba6 15. Bxc4 bxc4 16. Qc2 Qc7 17. Ne4 Nd5 18. Nfg5 h6 19. Nc5 Bxc5 20. Qh7+ Kf8
21. dxc5 c3 22. Bxc3 Nxc3 23. Qh8+ Ke7 24. Qxg7 Kd8 25. Nxf7+ Kc8 26. Nd6+ Kb8 27. Nxe8 Qxg7 28. Nxg7 Kc7 29. Nxe6+ Kb7 30. Nd4 Rd8
31. Rac1 Rxd4 32. exd4 Ne2+ 33. Rxe2 Bxe2 34. Re1 Bc4 35. f4 Kc7 36. Re7+ Kb8 37. g4 Bd3 38. f5 Kc8 39. f6 Kd8 40. Rxa7
1-0

[Event "August Tournament"]
[Site "SchemingMind.com"]
[Date "2009.08.12"]
[Round "-"]
[White "Negrito19"]
[Black "Shanks"]
[Result "0-1"]
[WhiteCountry "ARG"]
[BlackCountry "ENG"]
[WhiteElo "1608"]
[WhiteRD "72"]
[BlackElo "1503"]
[BlackRD "65"]
[GameID "215085"]

1. e4 d6 2. d4 Nf6 3. Nc3 g6 4. Bg5 Bg7 5. Qe2 O-O 6. O-O-O Nbd7 7. e5 dxe5 8. dxe5 Ne8 9. f4 c6 10. e6 fxe6
11. Qxe6+ Kh8 12. Bxe7 Qc7 13. Bxf8 Qxf4+ 14. Kb1 Qxf8 15. Be2 Ndf6 16. Qc4 Nd7 17. Bg4 Ne5 18. Qe4 Nxg4 19. Nh3 Bf5 20. Qc4 Ne3
21. Qb3 Bxc2+ 22. Qxc2 Nxc2 23. Kxc2 Qf5+ 24. Kc1 Bh6+ 25. Rd2 Bxd2+ 26. Kxd2 Rd8+ 27. Kc1 b5 28. Re1 Qd7 29. Nf2 Qd2+ 30. Kb1 Qxe1+
31. Nfd1 Rxd1+ 32. Nxd1 Qxd1#
0-1

[Event "August Tournament"]
[Site "SchemingMind.com"]
[Date "2009.08.07"]
[Round "-"]
[White "Negrito19"]
[Black "palomo"]
[Result "1-0"]
[WhiteCountry "ARG"]
[BlackCountry "ARG"]
[WhiteElo "1608"]
[WhiteRD "72"]
[BlackElo "1536"]
[BlackRD "82"]
[GameID "215086"]

1. e4 e5 2. Nf3 Nc6 3. Nc3 Nf6 4. Bb5 Nd4 5. Bc4 Be7 6. Ng5 O-O 7. d3 a6 8. Ne2 b5 9. Bb3 Nxb3 10. axb3 Re8
11. Bd2 Bf8 12. b4 Bb7 13. Ng3 h6 14. Nf3 d5 15. Qe2 dxe4 16. dxe4 c5 17. c3 c4 18. O-O Qc7 19. Ra3 Rad8 20. b3 cxb3
21. Rxb3 Nd7 22. Rc1 Nb6 23. Be3 Nc4 24. Nd2 Nxe3 25. Qxe3 g6 26. c4 Bg7 27. Nb1 Rd7 28. cxb5 Red8 29. Rxc7 Rxc7 30. h3 Rd1+
31. Nf1 axb5 32. Qe2 Rd6 33. Qxb5 Ba6 34. Qb8+
1-0

[Event "August Tournament"]
[Site "SchemingMind.com"]
[Date "2009.08.07"]
[Round "-"]
[White "Negrito19"]
[Black "aadaam"]
[Result "0-1"]
[WhiteCountry "ARG"]
[BlackCountry "INT"]
[WhiteElo "1610"]
[WhiteRD "64"]
[BlackElo "1777"]
[BlackRD "50"]
[GameID "215087"]

1. e4 e6 2. d4 d5 3. e5 c5 4. c4 Nc6 5. Nc3 cxd4 6. Nb5 dxc4 7. Bxc4 Qa5+ 8. Bd2 Bb4 9. Nd6+ Kf8 10. Nf3 Bxd2+
11. Nxd2 Qxe5+ 12. N6e4 f5 13. O-O fxe4 14. Re1 Nf6 15. f3 e3 16. Bd3 Qg5 17. Re2 exd2 18. Rxd2 Bd7 19. Re2 Nd5 20. Qc2 Ne3
21. Qd2 Kf7 22. Bb5 e5 23. Rae1 Rad8 24. a4 Rhe8 25. b4 a6 26. Bc4+ Be6 27. Bd3 h5 28. b5 axb5 29. Bxb5 h4 30. Kh1 h3
31. gxh3 Bxh3 32. Rg1 Qf4 33. Qa2+ Be6 34. Qb2 Rh8 35. Bxc6 bxc6 36. Qb7+ Bd7 37. Qc7 Qxf3+ 38. Reg2 Rxh2+ 39. Kxh2 Rh8#
0-1

[Event "August Tournament"]
[Site "SchemingMind.com"]
[Date "2009.08.12"]
[Round "-"]
[White "Shanks"]
[Black "Negrito19"]
[Result "0-1"]
[WhiteCountry "ENG"]
[BlackCountry "ARG"]
[WhiteElo "1511"]
[WhiteRD "74"]
[BlackElo "1627"]
[BlackRD "78"]
[GameID "215088"]

1. d4 d5 2. a3 Nc6 3. Nc3 Bf5 4. Nf3 Nf6 5. h3 e6 6. e3 a6 7. Be2 Bd6 8. O-O h5 9. Ne1 Qd7 10. f4 O-O-O
11. Nf3 Ne4 12. Nxe4 dxe4 13. Ne5 Bxe5 14. fxe5 f6 15. exf6 gxf6 16. c4 Qg7 17. b4 Bxh3 18. Rf2 Rdg8 19. Bf1 Bg4 20. Qc2 f5
21. Bb2 Ne7 22. d5 e5 23. g3 h4 24. Rh2 Bf3 25. Rxh4 Rxh4 26. Bg2 Qxg3 27. Qf2 Qh2+ 28. Kf1 Rxg2
0-1

[Event "August Tournament"]
[Site "SchemingMind.com"]
[Date "2009.08.07"]
[Round "-"]
[White "palomo"]
[Black "Negrito19"]
[Result "0-1"]
[WhiteCountry "ARG"]
[BlackCountry "ARG"]
[WhiteElo "1536"]
[WhiteRD "82"]
[BlackElo "1608"]
[BlackRD "72"]
[GameID "215089"]

1. e4 e5 2. Nf3 d6 3. d4 Bg4 4. Nc3 a6 5. Bc4 Nc6 6. Be3 g6 7. Bb3 Bg7 8. O-O Nge7 9. Bxf7+ Kxf7 10. Ng5+ Ke8
11. Qxg4 Qd7 12. Qxd7+ Kxd7 13. d5 Nd4 14. Rac1 Rhf8 15. Bxd4 exd4 16. Ne2 h6 17. Ne6 Rf7 18. Nxg7 Rxg7 19. Nxd4 c6 20. Ne6 Rf7
21. c4 b5 22. f4 bxc4 23. Rxc4 cxd5 24. exd5 Nxd5 25. Rd4 Ne3 26. Nc5+ Kc6 27. Re1 Nc2 28. Rc1 Nxd4 29. Ne6+ Kd5 30. Nxd4 Kxd4
31. g3 Re8 32. Rc6 Re2 33. Rxd6+ Kc5 34. Rxa6 Rd7 35. Ra5+ Kb4
0-1

[Event "August Tournament"]
[Site "SchemingMind.com"]
[Date "2009.08.07"]
[Round "-"]
[White "aadaam"]
[Black "Negrito19"]
[Result "1-0"]
[WhiteCountry "INT"]
[BlackCountry "ARG"]
[WhiteElo "1777"]
[WhiteRD "50"]
[BlackElo "1610"]
[BlackRD "64"]
[GameID "215090"]

1. d4 d5 2. c4 e6 3. Nc3 Bb4 4. Nf3 c5 5. e3 Nf6 6. a3 Bxc3+ 7. bxc3 Ne4 8. Qc2 h6 9. Bd3 f5 10. cxd5 exd5
11. c4 cxd4 12. Nxd4 Nc6 13. Nxc6 bxc6 14. O-O Qf6 15. Bb2 Qg6 16. cxd5 cxd5 17. Qa4+ Bd7 18. Bb5 Nc5 19. Bxd7+ Nxd7 20. Rfd1 Qe6
21. Bxg7 Rg8 22. Bd4 Kf7 23. Rac1 Nb6 24. Qa6 Kg6 25. Rc7 Kh5 26. Qe2+ Kg6 27. Rdc1 Nc4 28. f3 f4 29. e4 Kh5 30. Rc3 Rg5
31. g4+ fxg3 32. f4+ Rg4 33. h3 Rg8 34. hxg4+ Qxg4 35. Qxg4+ Rxg4 36. exd5 Nd6 37. Bxa7 Ne4 38. Rc2 Rxf4 39. R7c4 Kg5 40. Be3 Kf5
41. Bxf4 Kxf4 42. Re2 Ke5 43. Rexe4+ Kxd5 44. a4 Kd6 45. a5 h5 46. a6 h4 47. Rxh4
1-0

[Event "August Tournament"]
[Site "SchemingMind.com"]
[Date "2009.08.07"]
[Round "-"]
[White "wastl"]
[Black "Negrito19"]
[Result "0-1"]
[WhiteCountry "GER"]
[BlackCountry "ARG"]
[WhiteElo "1513"]
[WhiteRD "110"]
[BlackElo "1610"]
[BlackRD "64"]
[GameID "215113"]

1. e4 e5 2. Nf3 d6 3. Bc4 h6 4. d4 Bg4 5. c3 Nf6 6. Nbd2 c6 7. Qb3 Qd7 8. dxe5 b5 9. Be2 Bxf3 10. Nxf3 Nxe4
11. O-O Nc5 12. e6 fxe6 13. Nd4 Nxb3
0-1

[Event "August Tournament"]
[Site "SchemingMind.com"]
[Date "2009.08.12"]
[Round "-"]
[White "wastl"]
[Black "Shanks"]
[Result "1-0"]
[WhiteCountry "GER"]
[BlackCountry "ENG"]
[WhiteElo "1602"]
[WhiteRD "102"]
[BlackElo "1468"]
[BlackRD "72"]
[GameID "215114"]

1. e4 d6 2. Nf3 g6 3. Bc4 Bg7 4. Ng5 e6 5. c3 Qxg5 6. O-O Qd8 7. d4 a6 8. Re1 Ne7 9. Bg5 O-O 10. d5 e5
11. Nd2 b5 12. Bd3 Nd7 13. a3 Qe8 14. c4 bxc4 15. Nxc4 Nc5 16. Bc2 h6 17. Be3 h5 18. b4 Nb7 19. Qd2 Kh7 20. f3 Ng8
21. h4 Bf6 22. Bg5 Bg7 23. Nb2 Bd7 24. Bd3 c6 25. Nc4 cxd5 26. Nb6 Ra7 27. Nxd5 f6 28. Be3 Bh6 29. Kf2 Bxe3+ 30. Qxe3 Bb5
31. Rac1 Bxd3 32. Qxa7 Rf7 33. Rc7 Rxc7 34. Nxc7 Qc6 35. Ne6 Qc2+ 36. Kg1 Qc6= 37. Nd8 Qc8 38. Nxb7 Kh8 39. Nxd6 Qf8 40. Nf7+ Qxf7
41. Qxf7 g5 42. Rc1 gxh4 43. Rc8 Bb5 44. Qxg8#
1-0

[Event "August Tournament"]
[Site "SchemingMind.com"]
[Date "2009.08.07"]
[Round "-"]
[White "wastl"]
[Black "palomo"]
[Result "1-0"]
[WhiteCountry "GER"]
[BlackCountry "ARG"]
[WhiteElo "1552"]
[WhiteRD "110"]
[BlackElo "1598"]
[BlackRD "85"]
[GameID "215115"]

1. e4 e5 2. Nf3 Nc6 3. Bc4 Nf6 4. d4 exd4 5. Ng5 d5 6. exd5 Nxd5 7. O-O Be7 8. Nxf7 Kxf7 9. Qf3+ Ke6 10. Nd2 Na5
11. Re1+ Kd7 12. Qxd5+ Ke8 13. Qf7+ Kd7 14. Qf5+ Ke8 15. Qf7+ Kd7 16. Qf5+ Ke8 17. Qxa5 Qd6 18. Ne4 Qb4 19. Qxb4 Bxb4 20. Re2 Kd8
21. Bg5+ Kd7 22. a3 Ba5 23. Rd1 c5 24. Nxc5+ Kc7 25. Rxd4 b6 26. Nb3 Rb8 27. Bf4+ Kb7 28. Bd5+ Ka6 29. Re7 Bb7 30. Bc4+ b5
31. Re6+ Bb6 32. Nc5+ Ka5 33. b4#
1-0

[Event "August Tournament"]
[Site "SchemingMind.com"]
[Date "2009.08.07"]
[Round "-"]
[White "wastl"]
[Black "aadaam"]
[Result "0-1"]
[WhiteCountry "GER"]
[BlackCountry "INT"]
[WhiteElo "1513"]
[WhiteRD "110"]
[BlackElo "1777"]
[BlackRD "50"]
[GameID "215116"]

1. d4 Nf6 2. c4 e5 3. Nc3 exd4 4. Qxd4 Nc6 5. Qd2 d6 6. e4 Be7 7. Nf3 O-O 8. Bd3 Be6 9. O-O h6 10. a3 Ne5
11. Qe2 Nxf3+ 12. Qxf3 Nd7 13. e5 dxe5 14. Qg3 Bg5 15. Ne4 Bxc1 16. Raxc1 f5 17. Qg6 Nf6 18. Nc5 Bf7 19. Qxf5 Qd4 20. Nd7 Qxd7
21. Rcd1 Qxf5 22. Bxf5 Bxc4 23. Rfe1 Rad8 24. h3 Rxd1 25. Rxd1 Bd5 26. Rc1 c6 27. b4 Nh5 28. g4 Nf4 29. Kh2 e4 30. Kg3 g6
31. Kxf4 gxf5 32. gxf5 Kh7 33. h4 Rg8 34. Rc3 h5 35. Rg3 Rxg3 36. fxg3 Kh6 37. a4 b6
0-1

[Event "August Tournament"]
[Site "SchemingMind.com"]
[Date "2009.08.07"]
[Round "-"]
[White "Negrito19"]
[Black "wastl"]
[Result "1-0"]
[WhiteCountry "ARG"]
[BlackCountry "GER"]
[WhiteElo "1610"]
[WhiteRD "64"]
[BlackElo "1513"]
[BlackRD "110"]
[GameID "215117"]

1. e4 e5 2. Nf3 Nf6 3. Nxe5 Bd6 4. d4 Nxe4 5. Qf3 Nf6 6. Nc3 Nc6 7. Be3 Bxe5 8. dxe5 Nxe5 9. Qg3 g6 10. Qxe5+ Qe7
11. Qxe7+ Kxe7 12. Bg5 Re8 13. O-O-O Kf8 14. Bxf6 Re6 15. Nd5 Rb8 16. Bg5
1-0

[Event "August Tournament"]
[Site "SchemingMind.com"]
[Date "2009.08.12"]
[Round "-"]
[White "Shanks"]
[Black "wastl"]
[Result "0-1"]
[WhiteCountry "ENG"]
[BlackCountry "GER"]
[WhiteElo "1468"]
[WhiteRD "72"]
[BlackElo "1602"]
[BlackRD "102"]
[GameID "215118"]

1. d4 d5 2. Nf3 Nc6 3. e3 Nf6 4. a3 a6 5. c3 b5 6. b4 e6 7. Bb2 Bd6 8. Be2 O-O 9. O-O e5 10. dxe5 Nxe5
11. Nxe5 Bxe5 12. Nd2 Be6 13. Nf3 Bd6 14. Nd4 Bd7 15. Nb3 c6 16. Nc5 Bc8 17. Nd3 Bd7 18. a4 bxa4 19. Rxa4 c5 20. Ra1 cxb4
21. cxb4 Rc8 22. Ba3 Ne4 23. Nc5 Nc3 24. Qe1 Bb5 25. Bxb5 Nxb5 26. Bb2 Qe7 27. Nd3 Bc7 28. Nc5 Qd6 29. g3 Rfe8 30. Nxa6 d4
31. Nxc7 Qxc7 32. e4 Qc2 33. Rb1 Rxe4 34. Qd1 d3 35. Qxc2 Rxc2 36. Bc1 Ree2 37. Be3 Nc3 38. Rbc1 Ne4 39. b5 f5 40. f4 Rg2+
41. Kh1 Rxh2+
0-1

[Event "August Tournament"]
[Site "SchemingMind.com"]
[Date "2009.08.07"]
[Round "-"]
[White "palomo"]
[Black "wastl"]
[Result "0-1"]
[WhiteCountry "ARG"]
[BlackCountry "GER"]
[WhiteElo "1507"]
[WhiteRD "84"]
[BlackElo "1548"]
[BlackRD "109"]
[GameID "215119"]

1. e4 e5 2. Nf3 Bc5 3. d4 exd4 4. Nxd4 c6 5. Nc3 Ne7 6. Bg5 Qb6 7. Bxe7 Bxd4 8. Bh4 c5 9. Nd5 Qa5+ 10. c3 Be5
11. Be2 O-O 12. O-O Nc6 13. Qc2 b5 14. a3 Qa6 15. Rad1 Qb7 16. Bg3 d6 17. Bxe5 Nxe5 18. c4 Be6 19. cxb5 Kh8 20. f4 Nd7
21. f5 Bxd5 22. exd5 Nf6 23. Bc4 Qd7 24. a4 Rab8 25. Rde1 Qb7 26. Qd3 Qc7 27. Re2 Qa5 28. b3 Rbe8 29. Qg3 Ne4 30. Rxe4 Rxe4
31. Qxd6 Rfe8 32. Qxc5 Re1 33. d6 Rxf1+ 34. Bxf1 Qd8 35. Qc6 Re1 36. d7 Rd1 37. g4 Rxd7 38. g5 Rc7 39. Qg2 Rc3 40. g6 f6
41. gxh7 Rxb3 42. h4 Qd4+ 43. Kh1 Qxh4+ 44. Kg1 Rg3
0-1

[Event "August Tournament"]
[Site "SchemingMind.com"]
[Date "2009.08.07"]
[Round "-"]
[White "aadaam"]
[Black "wastl"]
[Result "1-0"]
[WhiteCountry "INT"]
[BlackCountry "GER"]
[WhiteElo "1777"]
[WhiteRD "50"]
[BlackElo "1513"]
[BlackRD "110"]
[GameID "215120"]

1. d4 d5 2. c4 c6 3. Nf3 Nf6 4. Nc3 e6 5. e3 Bb4 6. Bd2 Ne4 7. Nxe4 dxe4 8. Bxb4 a5 9. Bc3 exf3 10. Qxf3 Nd7
11. Bd3 Nf6 12. O-O e5 13. Rfd1 Bg4 14. Qg3 Bxd1 15. Rxd1 e4 16. Bc2 O-O 17. d5 c5 18. Bxe4 Qe7 19. Bc2 b6 20. e4 Nh5
21. Qg4 Nf6 22. Qg5 Rfe8 23. f3 h6 24. Qf5 Red8 25. e5 Nd7 26. Qh7+
1-0

[Event "August Tournament"]
[Site "SchemingMind.com"]
[Date "2009.08.07"]
[Round "-"]
[White "keen"]
[Black "Negrito19"]
[Result "1-0"]
[WhiteCountry "SCO"]
[BlackCountry "ARG"]
[WhiteElo "1655"]
[WhiteRD "55"]
[BlackElo "1610"]
[BlackRD "64"]
[GameID "215128"]

1. d4 d5 2. e3 a6 3. Bd3 Nf6 4. Nd2 e6 5. f4 b5 6. Ngf3 Bb7 7. O-O Ne4 8. Ne5 Nc6 9. Nxe4 dxe4 10. Bxe4 Qd6
11. Qf3 Nxe5 12. fxe5 Bxe4 13. Qxf7+ Kd8 14. exd6 cxd6 15. Qxe6 Bxc2 16. Bd2 Be7 17. Ba5+ Ke8 18. Rf7 Ra7 19. Rxg7 Bg6 20. Qc8+ Bd8
21. Qxd8#
1-0

[Event "August Tournament"]
[Site "SchemingMind.com"]
[Date "2009.08.12"]
[Round "-"]
[White "keen"]
[Black "Shanks"]
[Result "0-1"]
[WhiteCountry "SCO"]
[BlackCountry "ENG"]
[WhiteElo "1616"]
[WhiteRD "57"]
[BlackElo "1508"]
[BlackRD "70"]
[GameID "215129"]

1. d4 d6 2. e3 a6 3. Bd3 g6 4. Nd2 Bg7 5. f4 e6 6. Ngf3 Ne7 7. O-O O-O 8. Rf2 Nd7 9. Qf1 c5 10. h4 h5
11. Ng5 cxd4 12. e4 Nc5 13. f5 exf5 14. Bc4 b5 15. Be2 Bb7 16. exf5 Nxf5 17. Nb3 Ne6 18. Bxh5 Ng3 19. Nxe6 Qxh4
0-1

[Event "August Tournament"]
[Site "SchemingMind.com"]
[Date "2009.08.07"]
[Round "-"]
[White "keen"]
[Black "palomo"]
[Result "1-0"]
[WhiteCountry "SCO"]
[BlackCountry "ARG"]
[WhiteElo "1616"]
[WhiteRD "58"]
[BlackElo "1507"]
[BlackRD "84"]
[GameID "215130"]

1. e4 c5 2. c3 d6 3. d4 cxd4 4. cxd4 Nf6 5. Nc3 e5 6. Nf3 Bg4 7. Be2 Nc6 8. O-O Be7 9. h3 Bh5 10. dxe5 dxe5
11. Qc2 O-O 12. Bg5 Bg6 13. Rad1 Qa5 14. h4 h6 15. Bxf6 Bxf6 16. a3 Rad8 17. Nd5 Rxd5 18. Rxd5 Qxd5 19. exd5 Bxc2 20. dxc6 bxc6
21. Rc1 Be4 22. g3 Rd8 23. b4 Bxf3 24. Bxf3 Rd3 25. Bxc6 Rxa3 26. b5 a5 27. b6 Rb3 28. b7 a4 29. Be4 g6 30. Rc8+ Kg7
31. b8=Q Rxb8 32. Rxb8 a3 33. Ra8 Be7 34. Kf1 f5 35. Bd5 Kf6 36. Ba2 f4 37. g4 e4 38. Ra6+ Ke5 39. Re6+ Kd4 40. Rxe7 e3
41. fxe3+ fxe3 42. Ke2 g5 43. Rxe3 gxh4 44. Rxa3 Ke4 45. Rh3 Kf4 46. Rxh4 Kg3 47. Rxh6 Kxg4 48. Rf6 Kg5 49. Rf3 Kg4 50. Be6+ Kg5
51. Ke3
1-0

[Event "August Tournament"]
[Site "SchemingMind.com"]
[Date "2009.08.07"]
[Round "-"]
[White "keen"]
[Black "aadaam"]
[Result "1/2-1/2"]
[WhiteCountry "SCO"]
[BlackCountry "INT"]
[WhiteElo "1655"]
[WhiteRD "55"]
[BlackElo "1777"]
[BlackRD "50"]
[GameID "215131"]

1. d4 Nf6 2. c4 e5 3. dxe5 Ng4 4. Nf3 Bc5 5. e3 Nc6 6. Qd5 Qe7 7. a3 Ngxe5 8. Nxe5 Qxe5 9. Qxe5+ Nxe5 10. b4 Be7
11. Bb2 f6 12. Be2 b6 13. Bxe5 fxe5 14. Nc3 Bb7 15. e4 O-O 16. O-O c6 17. Rad1 Rad8 18. Bf3 c5 19. Nd5 Bxd5 20. exd5 d6
21. Be4=
1/2-1/2

[Event "August Tournament"]
[Site "SchemingMind.com"]
[Date "2009.08.07"]
[Round "-"]
[White "keen"]
[Black "wastl"]
[Result "1-0"]
[WhiteCountry "SCO"]
[BlackCountry "GER"]
[WhiteElo "1655"]
[WhiteRD "55"]
[BlackElo "1513"]
[BlackRD "110"]
[GameID "215132"]

1. d4 d5 2. e3 Nf6 3. Bd3 c6 4. Nd2 e6 5. f4 e5 6. fxe5 Ne4 7. Nxe4 dxe4 8. Bxe4 Nd7 9. Nf3 Be7 10. O-O O-O
11. Kh1 Nb6 12. c3 Be6 13. Qc2 g6 14. Bd2 Nc4 15. Bc1 Bg5 16. Nxg5 Qxg5 17. Rf6 Nxe3 18. Qe2
1-0

[Event "August Tournament"]
[Site "SchemingMind.com"]
[Date "2009.08.07"]
[Round "-"]
[White "Negrito19"]
[Black "keen"]
[Result "0-1"]
[WhiteCountry "ARG"]
[BlackCountry "SCO"]
[WhiteElo "1602"]
[WhiteRD "69"]
[BlackElo "1616"]
[BlackRD "57"]
[GameID "215133"]

1. e4 d5 2. e5 c5 3. c4 e6 4. d4 cxd4 5. Qxd4 Nc6 6. Qd2 Bb4 7. Nc3 d4 8. Nge2 dxc3 9. Qxd8+ Nxd8 10. bxc3 Ba5
11. Ba3 Ne7 12. Nd4 Bxc3+ 13. Kd1 Bxa1 14. Nf3 Bd7 15. Bd3 Ndc6 16. Ke2 Bxe5 17. Rb1 b6 18. c5 bxc5 19. Bxc5 Bf6 20. Rb7 Na5
21. Rc7 Rc8 22. Rxc8+ Nxc8 23. Ba6 Be7 24. Bd4 O-O 25. Ne5 Ba4 26. Bc3 Nc6 27. Nd3 Nb6 28. Nb2 Bc2 29. Bb5 Rc8 30. Kd2 Be4
31. f3 Bd5 32. a4 Bg5+ 33. Ke2 Ne7 34. Kd3 Ng6 35. Bd4 Nf4+ 36. Ke3 Nxg2+ 37. Kf2 Rc2+ 38. Kg3 Bf4+ 39. Kg4 Bxh2 40. Bd3 Rd2
41. Bc3 Rf2 42. Kh3 Nf4+ 43. Kg4 Nxd3 44. Nxd3 Rxf3 45. Bxg7 Kxg7 46. Ne1 Ra3 47. Nc2 Rxa4+ 48. Kh3 Ra2 49. Nb4 Rd2 50. Nxd5 Nxd5
51. Kg4 Nf6+ 52. Kf3 e5 53. Ke3 Bf4+ 54. Kf3 Rd3+ 55. Ke2 e4 56. Kf2 e3+ 57. Ke1 Rd2 58. Kf1 e2+ 59. Ke1 Bg3+ 60. Kxd2 e1=Q+
0-1

[Event "August Tournament"]
[Site "SchemingMind.com"]
[Date "2009.08.12"]
[Round "-"]
[White "Shanks"]
[Black "keen"]
[Result "0-1"]
[WhiteCountry "ENG"]
[BlackCountry "SCO"]
[WhiteElo "1434"]
[WhiteRD "69"]
[BlackElo "1621"]
[BlackRD "56"]
[GameID "215134"]

1. e4 c5 2. c3 Nc6 3. g3 g6 4. Bg2 Bg7 5. d3 Nf6 6. Nf3 O-O 7. O-O d6 8. a3 Bd7 9. b3 Qa5 10. Bb2 Rab8
11. Qc2 b5 12. c4 a6 13. cxb5 axb5 14. Nbd2 Rfc8 15. a4 Nb4 16. Qb1 Qb6 17. a5 Qc7 18. a6 Qa7 19. e5 Ne8 20. exd6 Bxb2
21. Qxb2 Nxd6 22. Qb1 Nxa6 23. Ne5 Be8 24. Ng4 Nf5 25. Ne3 Nxe3 26. fxe3 c4 27. Rf3 c3 28. Nf1 b4 29. Qc2 Rb6 30. Kh1 Qc7
31. e4 Nc5 32. Ne3 Ne6 33. Nd5 Nd4 34. Nxc7 Nxc2 35. Rc1 Nd4 36. Nd5 Rb5 37. Nxe7+ Kg7 38. Nxc8 Nxb3 39. Nd6 Nxc1 40. Nxe8+ Kf8
41. Nd6 c2 42. Nc4 Nxd3 43. Rf1 b3 44. Na3 Rc5 45. Nxc2 bxc2 46. h4 c1=Q 47. Rxc1 Rxc1+ 48. Kh2 Ke7 49. Kh3 Re1 50. Kh2 Nc5
51. g4 Nxe4 52. Bxe4 Rxe4 53. Kg3 Ke6 54. Kf3 Ke5 55. g5 Rxh4
0-1

[Event "August Tournament"]
[Site "SchemingMind.com"]
[Date "2009.08.07"]
[Round "-"]
[White "palomo"]
[Black "keen"]
[Result "1-0"]
[WhiteCountry "ARG"]
[BlackCountry "SCO"]
[WhiteElo "1511"]
[WhiteRD "86"]
[BlackElo "1604"]
[BlackRD "56"]
[GameID "215135"]

1. e4 e5 2. Nf3 Nc6 3. Bb5 Nge7 4. O-O a6 5. Ba4 b5 6. Bb3 d5 7. d3 Bg4 8. Nbd2 Nd4 9. h3 Bh5 10. Re1 Nxb3
11. Nxb3 dxe4 12. Rxe4 f6 13. Bd2 Bg6 14. Re1 Nd5 15. Nbd4 Qd6 16. Nh4 O-O-O 17. Nxg6 hxg6 18. Nb3 Be7 19. Qg4+ f5 20. Qe2 g5
21. Qxe5 Qxe5 22. Rxe5 Bf6 23. Rxf5 Bxb2 24. Bxg5 Nf6 25. Re1 Rd6 26. Bc1 Bc3 27. Re7 Nd5 28. Ref7 Rg6 29. Rxd5 Rxh3 30. Rf8+ Kb7
31. Nc5+ Kc6 32. Rfd8 a5 33. Bf4 Rh7 34. Ne4 Bb4 35. R8d7 Rg4 36. Bxc7 Rgh4 37. f3 R4h6 38. Ng5 Rh1+ 39. Kf2 Be1+ 40. Ke3 Rh8
41. R5d6+ Kc5 42. Ne4+ Kb4 43. Bxa5+ Kxa5 44. Ra7+ Kb4 45. Rd4#
1-0